00708nam a2200217 a 450000100060000000300080000600500170001400800410003103500450007204000420011704100080015908200200016710000190018724500700020626000320027630000290030850000810033761000340041865000140045265000240046612337BD-RjUL20211208235257.0140128s1962 enka 000 0 eng d aOCLC 05472801 from mlbc4a(BD-RjUL)12386 aDLCcCLEdOCLdUKMdEQOdBD-RjULbeng aeng04a598.2bPHB 19620 aPhilip,d1921-10aBirds from Britannia /cHis Royal Highness, the Duke of Edinburgh aLondon :bLongmans,cc1962. a62 p. :billus. ;c25 cm aAmerican ed. (New York, Harper & Row) has title: Seabirds in southern waters20aBritannia (Yacht : 1953-1997) 0aSea birds 0aVoyages and travels